| 000 | 00739cam a2200277 4500 | ||
|---|---|---|---|
| 001 | 788279 | ||
| 003 | OSt | ||
| 005 | 20140310184515.0 | ||
| 008 | 740415s1974 nyu j 000 1 eng | ||
| 010 | _a 74007435 | ||
| 020 | _a0590441124 | ||
| 040 |
_aDLC _cDLC _dDLC |
||
| 042 | _alcac | ||
| 050 | 0 | 0 |
_aPZ 7 _b.R727 1974 |
| 100 | 1 |
_aRoth, Arthur J., _d1925- _929418 |
|
| 245 | 1 | 4 |
_aThe iceberg hermit / _cArthur Roth. |
| 260 |
_aNew York : _bScholastic Inc. ; _c1974. |
||
| 300 |
_a201 p. _c22 cm. |
||
| 521 | _aG10 | ||
| 526 | _c1060 | ||
| 650 | 1 |
_aSurvival _xFiction. _929419 |
|
| 651 | 1 |
_aArctic regions _xFiction. _929420 |
|
| 906 |
_a7 _bcbc _corignew _d1 _eocip _f19 _gy-gencatlg |
||
| 942 |
_2lcc _cBK-SCHOLAS |
||
| 999 |
_c34938 _d34938 |
||